[Event "Benidorm op-A"]
[Site "Benidorm"]
[Date "2023.10.31"]
[Round "3"]
[White "Torres Rebolledo, Victor"]
[Black "Amundsen, Ask"]
[Result "1-0"]
[WhiteElo "2164"]
[BlackElo "1956"]
[PlyCount "113"]
[EventDate "2023.10.29"]
[EventType "swiss"]
[EventRounds "9"]
[EventCountry "ESP"]
[SourceTitle "Mega2024 Update 01"]
[Source "Chessbase"]
[SourceDate "2023.11.12"]
[SourceVersion "1"]
[SourceVersionDate "2023.11.12"]
[SourceQuality "1"]

1. Nf3 Nf6 2. d4 c5 3. d5 b5 4. e4 Nxe4 5. Bd3 Nd6 6. Bf4 g6 7. Be5 f6 8. Bxd6 exd6 9. Bxb5 Bg7 10. 0-0 0-0 11. c3 Na6 12. a4 Nc7 13. Bc4 Rb8 14. Qd2 f5 15. Na3 Ne8 16. Ne1 Qh4 17. Rb1 Nf6 18. f3 Bh6 19. Qf2 Qxf2+ 20. Kxf2 Bb7 21. Rd1 Ba8 22. b3 Rfe8 23. Nec2 Bf4 24. g3 Be5 25. Nb5 Rb7 26. Rd3 h5 27. a5 a6 28. Nba3 h4 29. b4 hxg3+ 30. hxg3 cxb4 31. cxb4 Ra7 32. Rb1 Kg7 33. Rh1 Rc8 34. Ne3 Rb8 35. Nac2 Rc8 36. Rg1 Rh8 37. Rdd1 Rh2+ 38. Rg2 Rh8 39. Ke2 Ne8 40. f4 Bc3 41. Kd3 Bf6 42. g4 fxg4 43. Rxg4 Kf7 44. Rdg1 Rh6 45. f5 g5 46. Nd4 Rb7 47. Nec2 Rh3+ 48. R1g3 Rxg3+ 49. Rxg3 Ng7 50. Bxa6 Ra7 51. Bc4 Nh5 52. Rg1 Nf4+ 53. Ke4 Rc7 54. Ba2 Rc3 55. Rf1 Ra3 56. Bb3 Be5 57. Nxa3 1-0

[Event "Benidorm op-A"]
[Site "Benidorm"]
[Date "2023.10.30"]
[Round "2"]
[White "Morchiashvili, Bachana"]
[Black "Torres Rebolledo, Victor"]
[Result "1-0"]
[WhiteElo "2308"]
[BlackElo "2164"]
[PlyCount "69"]
[EventDate "2023.10.29"]
[EventType "swiss"]
[EventRounds "9"]
[EventCountry "ESP"]
[SourceTitle "Mega2024 Update 01"]
[Source "Chessbase"]
[SourceDate "2023.11.12"]
[SourceVersion "1"]
[SourceVersionDate "2023.11.12"]
[SourceQuality "1"]

1. d4 Nf6 2. Nf3 e6 3. e3 d5 4. Bd3 c5 5. b3 Nc6 6. 0-0 Bd6 7. Bb2 0-0 8. c4 b6 9. Nc3 cxd4 10. exd4 Bb7 11. Rc1 Bf4 12. Ra1 Rc8 13. Re1 Re8 14. Bc1 Bxc1 15. Rxc1 Nb4 16. Ne5 Nxd3 17. Qxd3 Ba6 18. a4 Nd7 19. Nb5 Nxe5 20. Rxe5 dxc4 21. bxc4 Qd7 22. Rce1 Red8 23. d5 Bxb5 24. axb5 exd5 25. cxd5 g6 26. h4 Qd6 27. Qd4 Qc5 28. Qb2 h5 29. Kh2 Kh7 30. Re7 Qxd5 31. Qf6 Kg8 32. R1e5 Qc4 33. f4 Rf8 34. Rg5 Qd3 35. f5 1-0

[Event "Gijon RGCC op 7th"]
[Site "Gijon"]
[Date "2023.08.08"]
[Round "6"]
[White "Torres Rebolledo, Victor"]
[Black "Grabuzova, Tatiana"]
[Result "1/2-1/2"]
[WhiteElo "2014"]
[BlackElo "2192"]
[PlyCount "72"]
[EventDate "2023.08.05"]
[EventType "swiss"]
[EventRounds "9"]
[EventCountry "ESP"]
[SourceTitle "EXT 2024"]
[Source "ChessBase"]
[SourceDate "2023.10.10"]
[SourceVersion "1"]
[SourceVersionDate "2023.10.10"]
[SourceQuality "1"]

1. d4 e6 2. c4 f5 3. Nc3 Nf6 4. a3 b6 5. g3 Bb7 6. d5 a5 7. Bg2 Na6 8. Nh3 Nc5 9. Be3 Bd6 10. 0-0 0-0 11. Qc2 Qe7 12. Rfd1 Ng4 13. Bg5 Qf7 14. Nb5 Be5 15. f3 Qh5 16. fxg4 fxg4 17. Bf4 gxh3 18. Bf3 Qf5 19. Qxf5 Rxf5 20. Bxe5 Rxe5 21. Nxc7 Rc8 22. Nb5 Nb3 23. Nd6 Nxa1 24. Nxc8 Bxc8 25. Rxa1 Ba6 26. Rc1 Kf8 27. Kf2 Ke7 28. c5 exd5 29. cxb6 d4 30. b7 Rb5 31. Rc5 Rxb2 32. Rxa5 Bxb7 33. Bxb7 Rxb7 34. Rd5 Ra7 35. Rxd4 Rxa3 36. Rh4 h6 1/2-1/2

[Event "ESP-ch U16 rapid"]
[Site "Salobrena"]
[Date "2023.07.30"]
[Round "5"]
[White "Molina Souponitskaia, Alexander"]
[Black "Torres Rebolledo, Victor"]
[Result "0-1"]
[WhiteElo "1777"]
[BlackElo "2025"]
[PlyCount "94"]
[EventDate "2023.07.29"]
[EventType "swiss (rapid)"]
[EventRounds "9"]
[EventCountry "ESP"]
[SourceTitle "EXT 2024"]
[Source "ChessBase"]
[SourceDate "2023.10.10"]
[SourceVersion "1"]
[SourceVersionDate "2023.10.10"]
[SourceQuality "1"]

1. e4 c6 2. d4 d5 3. e5 Bf5 4. Nc3 e6 5. g4 Bg6 6. Nge2 c5 7. h4 h5 8. Nf4 Bh7 9. Nxh5 cxd4 10. Nb5 Nc6 11. Nxd4 Qb6 12. Bb5 a6 13. Bxc6+ bxc6 14. Nb3 Qb4+ 15. c3 Qe4+ 16. Kd2 Qxe5 17. Qe2 Qc7 18. Ke1 Be4 19. f3 Bg6 20. Nf4 Bh7 21. Kf2 Bd6 22. Nd3 c5 23. Ne1 Ne7 24. Bg5 Ng6 25. Rd1 Kd7 26. c4 d4 27. Nd3 f6 28. Bd2 e5 29. h5 Ne7 30. Ba5 Qc6 31. Rhe1 Rae8 32. Kg2 Nc8 33. Nf2 f5 34. gxf5 Bxf5 35. Ne4 Rxh5 36. Rh1 Rxh1 37. Rxh1 Bxe4 38. fxe4 Ne7 39. Qg4+ Nf5 40. Qxf5+ Re6 41. Rh7 Bf8 42. Qxf8 Qxe4+ 43. Qf3 Rg6+ 44. Kf2 Qc2+ 45. Nd2 Rf6 46. Rxg7+ Ke6 47. Rg6 Qxg6 0-1

[Event "Madrid-ch Previa B"]
[Site "Madrid"]
[Date "2023.02.18"]
[Round "7.8"]
[White "Torres Rebolledo, Victor"]
[Black "Mansor Habash, Zouheir"]
[Result "0-1"]
[WhiteElo "2049"]
[BlackElo "1372"]
[PlyCount "84"]
[EventDate "2023.02.02"]
[EventType "swiss"]
[EventRounds "9"]
[EventCountry "ESP"]
[SourceTitle "EXT 2024"]
[Source "ChessBase"]
[SourceDate "2023.10.10"]
[SourceVersion "1"]
[SourceVersionDate "2023.10.10"]
[SourceQuality "1"]

1. d4 Nf6 2. Nc3 d5 3. Bf4 Bf5 4. e3 e6 5. f3 Bd6 6. Nge2 0-0 7. Qd2 Nbd7 8. Bxd6 cxd6 9. g4 Bg6 10. h4 h5 11. g5 Ne8 12. Nf4 Nc7 13. Nxg6 fxg6 14. Qg2 e5 15. 0-0-0 Nb6 16. Qg3 Qe7 17. f4 exf4 18. exf4 Ne6 19. Bh3 Nxf4 20. Rde1 Qc7 21. Rhf1 Nxh3 22. Qxh3 Rxf1 23. Rxf1 Qe7 24. b3 Re8 25. Kd2 Kh7 26. a4 a5 27. Qf3 Qe6 28. Kd3 Re7 29. Kd2 Re8 30. Qg3 Kg8 31. Rf4 Kh7 32. Qf2 Kg8 33. Nb5 Na8 34. Rf3 Qg4 35. Nxd6 Rd8 36. Nxb7 Rc8 37. Nd6 Rd8 38. Nf7 Re8 39. Ne5 Qe6 40. Qe3 Nb6 41. Qd3 Nd7 42. Nxd7 Qe1# 0-1

[Event "Madrid-ch Previa B"]
[Site "Madrid"]
[Date "2023.02.17"]
[Round "6.3"]
[White "Lazaro Azcutia, Miguel"]
[Black "Torres Rebolledo, Victor"]
[Result "1-0"]
[WhiteElo "1953"]
[BlackElo "2049"]
[PlyCount "91"]
[EventDate "2023.02.02"]
[EventType "swiss"]
[EventRounds "9"]
[EventCountry "ESP"]
[SourceTitle "EXT 2024"]
[Source "ChessBase"]
[SourceDate "2023.10.10"]
[SourceVersion "1"]
[SourceVersionDate "2023.10.10"]
[SourceQuality "1"]

1. e4 c6 2. d4 d5 3. exd5 cxd5 4. c4 Nf6 5. Nc3 g6 6. Qb3 Bg7 7. cxd5 0-0 8. Nge2 Na6 9. g3 b6 10. Bg2 Bb7 11. 0-0 Qd7 12. Re1 Rfd8 13. Nf4 Rab8 14. Bh3 Qe8 15. Bg2 Qd7 16. Bd2 Nc7 17. Bh3 Qe8 18. Qa3 Bf8 19. Qxa7 Nfxd5 20. Ncxd5 Nxd5 21. Nxd5 Bxd5 22. Bf4 Rb7 23. Qa3 e6 24. Qe3 Qb5 25. b3 Ra7 26. Bf1 Qd7 27. Be5 b5 28. Qf4 Be7 29. Rac1 Rc8 30. Bxb5 Rxc1 31. Rxc1 Qd8 32. Ba4 f6 33. Bc7 Qf8 34. Bb6 Ra8 35. Bc5 Bxc5 36. Rxc5 Qd8 37. Qc7 Qf8 38. Qd7 Rd8 39. Qc7 Ba8 40. Bd7 Kh8 41. Qxd8 Qxd8 42. Rc8 Qxc8 43. Bxc8 e5 44. d5 Bxd5 45. a4 Kg7 46. a5 1-0

[Event "ESP-ch U16 Rapid"]
[Site "Salobrena"]
[Date "2022.07.31"]
[Round "5"]
[White "Macias Pino, Diego"]
[Black "Torres Rebolledo, Victor"]
[Result "1/2-1/2"]
[WhiteElo "1968"]
[BlackElo "1822"]
[PlyCount "79"]
[EventDate "2022.07.30"]
[EventType "swiss (rapid)"]
[EventRounds "9"]
[EventCountry "ESP"]
[SourceTitle "EXT 2023"]
[Source "ChessBase"]
[SourceDate "2022.10.05"]
[SourceVersion "1"]
[SourceVersionDate "2022.10.05"]
[SourceQuality "1"]

1. d4 Nf6 2. Bg5 e6 3. Nd2 h6 4. Bh4 d5 5. e3 Be7 6. Bd3 0-0 7. Ngf3 c5 8. c3 b6 9. Ne5 Bb7 10. f4 Ne4 11. Bxe7 Qxe7 12. 0-0 Nd7 13. Nxd7 Qxd7 14. Nf3 f6 15. Nh4 Qf7 16. f5 exf5 17. Nxf5 Rad8 18. Bxe4 dxe4 19. b3 Bc8 20. Ng3 Rfe8 21. Qd2 cxd4 22. cxd4 Ba6 23. Rfc1 Rc8 24. Rxc8 Rxc8 25. Nxe4 Qg6 26. Ng3 Rc2 27. Qe1 Bb7 28. e4 h5 29. Rc1 Rxc1 30. Qxc1 Bxe4 31. Nxe4 Qxe4 32. Qd2 Kf7 33. h3 Ke6 34. Qc3 Kd6 35. Qb4+ Kd5 36. Qb5+ Kd6 37. Qc4 Qe1+ 38. Kh2 Qe4 39. a4 h4 40. Qb4+ 1/2-1/2

[Event "ESP-ch U16"]
[Site "Salobrena"]
[Date "2022.07.30"]
[Round "9"]
[White "Garcia Fernandez, Victor"]
[Black "Torres Rebolledo, Victor"]
[Result "1-0"]
[WhiteElo "2158"]
[BlackElo "2009"]
[PlyCount "127"]
[EventDate "2022.07.25"]
[EventType "swiss"]
[EventRounds "9"]
[EventCountry "ESP"]
[SourceTitle "EXT 2023"]
[Source "ChessBase"]
[SourceDate "2022.10.05"]
[SourceVersion "1"]
[SourceVersionDate "2022.10.05"]
[SourceQuality "1"]

1. d4 Nf6 2. c4 e6 3. Nc3 Bb4 4. Qc2 Nc6 5. Nf3 d6 6. Bd2 a5 7. a3 Bxc3 8. Bxc3 Qe7 9. e3 0-0 10. Be2 e5 11. dxe5 dxe5 12. 0-0 Bg4 13. Rfe1 Rfe8 14. Qb3 Ra7 15. Nd2 Bxe2 16. Rxe2 Qc5 17. Qb5 Qd6 18. Nb3 a4 19. Nc5 b6 20. Nxa4 Ne4 21. f3 Nxc3 22. Nxc3 Ra5 23. Qb3 Raa8 24. Qc2 Ne7 25. Rd1 Qc6 26. Qe4 Qxe4 27. Nxe4 Ra4 28. Rc2 f5 29. Nf2 Kf7 30. Nd3 Ke6 31. Nb4 c5 32. Na2 Nc8 33. g3 Ra7 34. Nc3 Rd7 35. Rxd7 Kxd7 36. Rd2+ Kc6 37. Nb5 e4 38. f4 h6 39. Rd5 g6 40. Kf2 Re6 41. Ke2 Ne7 42. Rd8 g5 43. Kf2 gxf4 44. gxf4 Rg6 45. Ra8 Kd7 46. Ra7+ Ke8 47. Rb7 Kf8 48. Rd7 Ke8 49. Rd6 Rxd6 50. Nxd6+ Kd7 51. Nf7 Ke6 52. Ne5 Nc8 53. Ke2 Nd6 54. Kd2 Ne8 55. Kc3 Nf6 56. Kd2 Ne8 57. Ke2 Nf6 58. Kf2 Ne8 59. Kg3 Nd6 60. Kh4 b5 61. Kh5 bxc4 62. Kxh6 Kf6 63. a4 Nb7 64. Nxc4 1-0

[Event "Madrid-ch Previa-B"]
[Site "Madrid"]
[Date "2022.03.19"]
[Round "7"]
[White "Lazaro Azcutia, Miguel"]
[Black "Torres Rebolledo, Victor"]
[Result "0-1"]
[WhiteElo "1579"]
[BlackElo "1989"]
[PlyCount "98"]
[EventDate "2022.03.03"]
[EventType "swiss"]
[EventRounds "9"]
[EventCountry "ESP"]
[SourceTitle "EXT 2023"]
[Source "ChessBase"]
[SourceDate "2022.10.05"]
[SourceVersion "1"]
[SourceVersionDate "2022.10.05"]
[SourceQuality "1"]

1. e4 c6 2. d4 d5 3. exd5 cxd5 4. c4 Nf6 5. Nc3 g6 6. Bg5 Nbd7 7. cxd5 Qa5 8. Qb3 Bg7 9. Nf3 0-0 10. Bd3 a6 11. 0-0 b5 12. Rfe1 b4 13. Ne4 Nxd5 14. Ng3 e6 15. Ne5 Qb6 16. Rad1 h6 17. Bc1 a5 18. Bc4 N7f6 19. a4 Qc7 20. Bb5 Bb7 21. f4 Rac8 22. Re2 Nb6 23. Qe3 Qd6 24. h4 h5 25. Nf1 Nbd5 26. Qh3 Rc7 27. Nc4 Qd8 28. Qd3 Ng4 29. g3 Rc8 30. Nh2 Nxh2 31. Kxh2 Nf6 32. Ne5 Ng4+ 33. Nxg4 hxg4 34. Rc2 Bf3 35. Rxc8 Qxc8 36. Re1 Rd8 37. Be3 Qb7 38. Rc1 e5 39. fxe5 Bxe5 40. Qc4 Bb8 41. Bg5 Bd5 42. Qc2 Be4 43. Qc4 Bd5 44. Qc2 Rf8 45. Bh6 Rd8 46. Bg5 Rf8 47. Bh6 Be4 48. Qf2 Qe7 49. Bxf8 Qxh4+ 0-1

[Event "Alicante IRT op 15th"]
[Site "Alicante"]
[Date "2021.09.26"]
[Round "5"]
[White "Costa Iniesta, Prudencio"]
[Black "Torres Rebolledo, Victor"]
[Result "1/2-1/2"]
[WhiteElo "1751"]
[BlackElo "1967"]
[PlyCount "57"]
[EventDate "2021.09.24"]
[EventType "swiss"]
[EventRounds "7"]
[EventCountry "ESP"]
[SourceTitle "CBM 204 Extra"]
[Source "ChessBase"]
[SourceDate "2021.11.30"]
[SourceVersion "1"]
[SourceVersionDate "2021.11.30"]
[SourceQuality "1"]

1. d4 d5 2. Nf3 Nf6 3. g3 c5 4. Bg2 cxd4 5. Nxd4 e5 6. Nb3 h6 7. 0-0 Nc6 8. N1d2 Be7 9. e4 Be6 10. Qe2 0-0 11. exd5 Bxd5 12. Nf3 Qc7 13. c4 Bxf3 14. Bxf3 Rfe8 15. Be3 e4 16. Bg2 Ne5 17. Nd2 Bc5 18. Bxc5 Qxc5 19. Nxe4 Nxe4 20. Qxe4 Nxc4 21. Qc2 Qb5 22. a4 Qb4 23. Bxb7 Qxb7 24. Qxc4 Qxb2 25. Rab1 Qe2 26. Qxe2 Rxe2 27. Rfe1 Ra2 28. Re7 Rxa4 29. Rbb7 1/2-1/2

[Event "ESP-ch U14"]
[Site "Salobrena"]
[Date "2021.07.16"]
[Round "7"]
[White "Leone Amigot, Haymar"]
[Black "Torres Rebolledo, Victor"]
[Result "1/2-1/2"]
[WhiteElo "1806"]
[BlackElo "1921"]
[PlyCount "98"]
[EventDate "2021.07.12"]
[EventType "swiss"]
[EventRounds "9"]
[EventCountry "ESP"]
[SourceTitle "EXT 2022"]
[Source "ChessBase"]
[SourceDate "2021.10.06"]
[SourceVersion "1"]
[SourceVersionDate "2021.10.06"]
[SourceQuality "1"]

1. e4 e5 2. Nf3 Nc6 3. d4 exd4 4. Nxd4 Bc5 5. Be3 Qf6 6. c3 Qg6 7. Nd2 Nf6 8. Qf3 Ng4 9. N2b3 Nxe3 10. Qxe3 Nxd4 11. cxd4 Bb4+ 12. Nd2 Bxd2+ 13. Kxd2 b6 14. Rc1 Bb7 15. Bd3 Qd6 16. a3 0-0-0 17. f3 f6 18. g3 Rhe8 19. Qf4 Qxf4+ 20. gxf4 f5 21. Rhe1 fxe4 22. fxe4 d6 23. Re3 Rf8 24. Rf1 c5 25. d5 Rde8 26. Be2 Kc7 27. Bg4 Bc8 28. Bxc8 Kxc8 29. Kd3 Rf7 30. h4 Kd7 31. h5 Ref8 32. Ref3 Re8 33. Rg1 Ke7 34. Ke3 Kf8 35. Kd3 Rfe7 36. Re3 Kf7 37. Rg5 Rd8 38. Reg3 Kf8 39. h6 Rdd7 40. Rf5+ Ke8 41. hxg7 Rxg7 42. Rxg7 Rxg7 43. e5 dxe5 44. fxe5 Rg4 45. d6 Kd7 46. Rh5 Ke6 47. Ke3 Rd4 48. b4 Rd1 49. Ke4 Re1+ 1/2-1/2